[Event "World School-ch U13"]
[Site "Antalya"]
[Date "2019.04.25"]
[Round "8"]
[White "Cakir, Ege"]
[Black "Baisart, Tamerlan"]
[Result "1-0"]
[WhiteElo "1746"]
[BlackElo "1516"]
[PlyCount "183"]
[EventDate "2019.04.18"]
[EventType "swiss"]
[EventRounds "9"]
[EventCountry "TUR"]
[SourceTitle "CBM 190 Extra"]
[Source "ChessBase"]
[SourceDate "2019.07.15"]
[SourceVersion "1"]
[SourceVersionDate "2019.07.15"]
[SourceQuality "1"]

1. d4 Nf6 2. Nf3 e6 3. Bg5 c5 4. e3 b6 5. Bd3 Bb7 6. Nbd2 Be7 7. c3 cxd4 8. exd4 Nd5 9. Bxe7 Qxe7 10. g3 0-0 11. 0-0 d6 12. Re1 Nd7 13. Bf1 Rac8 14. Bg2 b5 15. Nh4 N7b6 16. Qg4 Qd7 17. Qe2 Nc4 18. Nxc4 Rxc4 19. Be4 a6 20. f4 g6 21. Ng2 Rcc8 22. Bf3 Qc7 23. Rac1 Qb6 24. Qf2 Qa5 25. a3 Rc7 26. g4 Qb6 27. Bxd5 Bxd5 28. Ne3 Bb7 29. h4 Qc6 30. Kh2 Kh8 31. Rcd1 Qf3 32. Qxf3 Bxf3 33. Rd2 Re8 34. Kg3 Bb7 35. g5 Kg7 36. Ng4 Rd8 37. Nf6 h6 38. Ree2 Rc4 39. d5 exd5 40. Re7 Ba8 41. Nxd5 Bxd5 42. Rxd5 hxg5 43. hxg5 Rc5 44. Rd4 Rc6 45. Re2 Kf8 46. Rh2 Kg7 47. Kf3 Re8 48. Rh1 Re6 49. Re4 Rc5 50. Rd1 Rc6 51. Rd5 Kf8 52. Rxe6 fxe6 53. Rd2 Kf7 54. Rh2 Kg7 55. Ke3 Rc4 56. Rd2 Rc6 57. Kd3 Rc4 58. Rf2 Rc6 59. Re2 Kf7 60. Re4 Rc5 61. a4 Ke7 62. axb5 Rxb5 63. Ra4 Rxb2 64. Rxa6 Rb7 65. Ra8 Rd7 66. Rh8 Kf7 67. Rh7+ Ke8 68. Rh8+ Kf7 69. Kd4 Kg7 70. Re8 Kf7 71. Ra8 Ke7 72. c4 Rd8 73. Ra1 Kf7 74. Ra7+ Kf8 75. Rh7 Re8 76. c5 e5+ 77. fxe5 dxc5+ 78. Ke4 Re7 79. Rxe7 Kxe7 80. Kd5 c4 81. Kxc4 Kd7 82. Kd5 Ke7 83. e6 Ke8 84. e7 Kxe7 85. Ke5 Kf7 86. Kd6 Ke8 87. Ke6 Kf8 88. Kf6 Kg8 89. Kxg6 Kh8 90. Kf7 Kh7 91. g6+ Kh8 92. g7+ 1-0

[Event "World School-ch U13"]
[Site "Antalya"]
[Date "2019.04.22"]
[Round "5"]
[White "Amilal, Munkhdalai"]
[Black "Baisart, Tamerlan"]
[Result "1-0"]
[WhiteElo "2042"]
[BlackElo "1516"]
[PlyCount "51"]
[EventDate "2019.04.18"]
[EventType "swiss"]
[EventRounds "9"]
[EventCountry "TUR"]
[SourceTitle "CBM 190 Extra"]
[Source "ChessBase"]
[SourceDate "2019.07.15"]
[SourceVersion "1"]
[SourceVersionDate "2019.07.15"]
[SourceQuality "1"]

1. e4 c5 2. Nf3 d6 3. d4 cxd4 4. Nxd4 Nf6 5. Nc3 Nc6 6. Be2 e5 7. Nf3 Be7 8. 0-0 0-0 9. Bg5 Be6 10. Qd2 h6 11. Bxf6 Bxf6 12. Rfd1 Be7 13. Nd5 Bxd5 14. Qxd5 Rc8 15. c3 Qb6 16. Qb3 Qc7 17. Nd2 Rfd8 18. Nc4 Bf8 19. Ne3 Ne7 20. Bc4 Ng6 21. g3 a6 22. a4 Nh8 23. a5 Be7 24. Ra4 Rb8 25. Nd5 Qd7 26. Ra2 1-0